| 000 | 00824nam a2200229Ii 4500 | ||
|---|---|---|---|
| 003 | JO-AjNU | ||
| 008 | 230605s9999||||xx |||||||||||||| ||und|| | ||
| 017 | _a2001/10888 | ||
| 020 | _a977-01-7274-X | ||
| 040 |
_aJO-AjNU _bara _erda _cJO-AjNU |
||
| 041 | _aara | ||
| 050 | 1 | 4 | _aBH221.4.2001 |
| 100 | 3 |
_aسانتينا، جورج ؛ بدوي، محمد مصطفى ترجمة ؛ محمود، زكي نجيب؛ مراجعة وتقديم؛ عناني،محمد تحرير, _eauthor _938048 |
|
| 245 | 0 | 0 | _aالإحساس بالجمال |
| 264 | 3 | 1 | _aد.م:د.ن،2001 |
| 300 |
_a368ص _bدليل من ص 355-ص368 |
||
| 336 |
_atext _btxt _2rdacontent |
||
| 337 |
_aunmediated _bn _2rdamedia |
||
| 338 |
_avolume _bnc _2rdacarrier |
||
| 490 | 0 | _aسلسلة امهات الكتب | |
| 650 | 4 |
_aالجمال-علم _938049 |
|
| 999 |
_aA15953 _c19521 _d19521 |
||